00346nam a2200109Ia 4500008004000000082001600040100002400056245005400080260003900134300001300173650005000186210210b1976 xxu||||| |||| 00| 0 eng d a801.95 NARL aNARASIMHAIAH (C D). aLiterary criticism: European & Indian traditions. aMysorebUniversity of Mysorec1976 aviii,255 aLiterary Criticism European Indian Traditions